[Event "61st World Juniors 2024"]
[Site "Gandhinagar IND"]
[Date "2024.06.02"]
[Round "1.1"]
[White "Mishra, Abhimanyu"]
[Black "Pawar, Harshit"]
[Result "0-1"]
[WhiteTitle "GM"]
[WhiteElo "2627"]
[BlackElo "2132"]
[WhiteFideId "30920019"]
[BlackFideId "366130595"]
[EventDate "2024.06.02"]

1. d4 Nf6 2. c4 e6 3. Nf3 Bb4+ 4. Nbd2 b6 5. a3 Be7 6. e4 Bb7 7. Bd3 d5 8. cxd5
exd5 9. e5 Ne4 10. Qc2 Nxd2 11. Bxd2 c5 12. e6 fxe6 13. Ne5 Bf6 14. Bg6+ Ke7 15.
Bxh7 Nc6 16. Ng6+ Kd7 17. Nxh8 Nxd4 18. Qd1 Qxh8 19. Bg6 Ba6 20. Be3 Nc6 21. Rb1
Qh4 22. Bd3 Bxd3 23. Qxd3 c4 24. Qe2 Rh8 25. h3 d4 26. Rd1 Ke7 27. Bc1 d3 28.
Qf3 Nd4 29. Qb7+ Kd6 30. Kf1 Rf8 31. Qxa7 Nc6 32. Qa6 Bd4 33. g3 Qxg3 34. Be3
Rxf2+ 0-1

[Event "61st World Juniors 2024"]
[Site "Gandhinagar IND"]
[Date "2024.06.02"]
[Round "1.2"]
[White "Sushanth, Kamabathula"]
[Black "Grebnev, Aleksey"]
[Result "0-1"]
[BlackTitle "GM"]
[WhiteElo "2131"]
[BlackElo "2540"]
[WhiteFideId "25712667"]
[BlackFideId "34189030"]
[EventDate "2024.06.02"]

1. e4 c5 2. Nf3 d6 3. d4 cxd4 4. Nxd4 Nf6 5. Nc3 a6 6. h3 e5 7. Nf3 Be7 8. g4 h6
9. Rg1 b5 10. g5 hxg5 11. Nxg5 Bb7 12. Be3 Qc7 13. Qd2 Nbd7 14. O-O-O b4 15. Nd5
Nxd5 16. exd5 Nf6 17. Bg2 Bc8 18. Qxb4 Bf5 19. c3 O-O 20. Bf1 Rfc8 21. f4 Rab8
22. Qa3 exf4 23. Bd4 Nh5 24. Qa4 Ng3 25. h4 Bxg5 26. hxg5 Qe7 27. b4 Ne4 28. c4
Ng3 29. Rxg3 fxg3 30. Qb3 Qxg5+ 31. Be3 Qg4 32. Rd2 Be4 33. Be2 Bf3 34. Rd4 Qh5
35. Bxf3 Qxf3 36. Qd3 g2 37. Kd2 Rxb4 38. Rh4 Rb2+ 39. Kc3 Qf6+ 40. Qd4 Qxd4+
41. Bxd4 Rxa2 42. Rg4 Ra4 0-1

[Event "61st World Juniors 2024"]
[Site "Gandhinagar IND"]
[Date "2024.06.02"]
[Round "1.3"]
[White "Pranav, Anand"]
[Black "Alekhya, Mukhopadhyay"]
[Result "1-0"]
[WhiteTitle "GM"]
[WhiteElo "2540"]
[BlackElo "2130"]
[WhiteFideId "46626786"]
[BlackFideId "25600826"]
[EventDate "2024.06.02"]

1. e4 c5 2. Nf3 e6 3. d4 cxd4 4. Nxd4 a6 5. Bd3 Qc7 6. Qe2 d6 7. Nc3 Nf6 8. O-O
g6 9. Kh1 Bg7 10. f4 O-O 11. Nf3 Nc6 12. Bd2 b6 13. Rae1 Nd7 14. Qf2 Bb7 15. Qh4
Rfe8 16. f5 Nce5 17. Nxe5 dxe5 18. f6 Qd8 19. Bg5 h6 20. Bxh6 Bxh6 21. Qxh6 Nxf6
22. h3 Qe7 23. Rf3 Nh7 24. Rg3 Qf8 25. Qe3 b5 26. Rf1 Kg7 27. a4 b4 28. Nd1 Qd6
29. Nf2 Nf6 30. Rf3 Ng8 31. Ng4 f5 32. Qg5 Qe7 33. Qxe7+ Rxe7 34. Nxe5 fxe4 35.
Rg3 exd3 36. Rxg6+ Kh8 37. cxd3 Rh7 38. Nf7+ Rxf7 39. Rxf7 Bd5 40. Rf4 Kh7 41.
Rg5 Nh6 42. Rxb4 Nf5 43. Rbg4 Kh6 44. Rg8 Rxg8 45. Rxg8 a5 46. Kh2 Ne3 47. g4
Bc6 48. Kg3 Bxa4 49. Ra8 Nd1 50. b4 Nb2 51. Rxa5 Bc6 52. b5 Bd5 53. b6 Nxd3 54.
Rxd5 1-0

[Event "61st World Juniors 2024"]
[Site "Gandhinagar IND"]
[Date "2024.06.02"]
[Round "1.4"]
[White "Talgatov, Nazar"]
[Black "Dudin, Gleb"]
[Result "0-1"]
[BlackTitle "GM"]
[WhiteElo "2108"]
[BlackElo "2532"]
[WhiteFideId "13743694"]
[BlackFideId "34184934"]
[EventDate "2024.06.02"]

1. e4 c5 2. Nf3 Nc6 3. Bb5 e6 4. Bxc6 bxc6 5. b3 Ne7 6. O-O Ng6 7. Bb2 f6 8. Re1
Be7 9. c3 O-O 10. d4 d5 11. Nbd2 Nf4 12. Qc2 Ba6 13. c4 cxd4 14. Nxd4 Qb6 15.
Ne2 Nxe2+ 16. Rxe2 e5 17. Rc1 Rfd8 18. Nf3 dxc4 19. bxc4 Bc8 20. c5 Qb5 21. a4
Qd3 22. Bc3 Qxc2 23. Rexc2 Rb8 24. Ba5 Rd3 25. Nd2 Ba6 26. h3 Ra3 27. Bc7 Rb7
28. Bd6 Bd8 29. Nb1 Rxa4 30. Nc3 Ra3 31. Nd5 Bd3 32. Rc3 Rxc3 33. Nxc3 Ba5 34.
f3 Rb3 35. Na4 Rb1 36. Rxb1 Bxb1 37. Nb2 Bc3 38. Nc4 Bd3 39. Ne3 Bd4 40. Kf2 a5
41. f4 a4 42. Kf3 a3 43. Nf5 a2 44. Ne7+ Kf7 0-1

[Event "61st World Juniors 2024"]
[Site "Gandhinagar IND"]
[Date "2024.06.02"]
[Round "1.5"]
[White "Siddharth, Jagadeesh"]
[Black "Bharadia Yash"]
[Result "1-0"]
[WhiteTitle "IM"]
[BlackTitle "CM"]
[WhiteElo "2525"]
[BlackElo "2100"]
[WhiteFideId "5818320"]
[BlackFideId "45087822"]
[EventDate "2024.06.02"]

1. e4 c5 2. Nf3 d6 3. d4 cxd4 4. Nxd4 Nf6 5. Nc3 a6 6. g3 e5 7. Nb3 Be7 8. Bg2
O-O 9. O-O Be6 10. a4 Qc7 11. Re1 Rc8 12. h3 h6 13. Be3 Nbd7 14. a5 b5 15. axb6
Nxb6 16. Na5 Nc4 17. Nxc4 Qxc4 18. Na4 Nd7 19. Re2 Rab8 20. b3 Qb4 21. Rd2 Nf6
22. Nb2 Qc3 23. Nd3 a5 24. Ne1 Rb4 25. Rd3 Qc6 26. Rxa5 Nxe4 27. c4 f5 28. Nc2
Rbb8 29. Na3 Qe8 30. Nb5 Qg6 31. h4 Rd8 32. h5 Qf7 33. Ra7 Qf8 34. Nc7 Bc8 35.
Nd5 Bg5 36. Bxg5 Nxg5 37. Ne7+ Kh7 38. Nc6 e4 39. Re3 Rb7 40. Rxb7 Bxb7 41. Nxd8
Qxd8 42. Qd4 Qf8 43. Qb6 Ba8 44. Qa7 Bc6 45. Qc7 Ba8 46. b4 f4 47. gxf4 Qxf4 48.
c5 Qg4 49. Qxd6 Nf3+ 50. Kf1 Qxh5 51. Bxf3 exf3 52. Ke1 Bb7 53. b5 Qg4 54. Qd3+
Kg8 55. c6 Qb4+ 56. Kd1 1-0

[Event "61st World Juniors 2024"]
[Site "Gandhinagar IND"]
[Date "2024.06.02"]
[Round "1.6"]
[White "Radojicic, Aleksandar M"]
[Black "Makarian, Rudik"]
[Result "0-1"]
[BlackTitle "IM"]
[WhiteElo "2088"]
[BlackElo "2524"]
[WhiteFideId "979694"]
[BlackFideId "44105681"]
[EventDate "2024.06.02"]

1. d4 Nf6 2. Nc3 d5 3. Bf4 Bf5 4. e3 e6 5. Nf3 Nbd7 6. Bd3 Bg6 7. Nb5 Bb4+ 8. c3
Ba5 9. a4 a6 10. Na3 c6 11. O-O O-O 12. Re1 Re8 13. Ne5 Bxd3 14. Qxd3 Bc7 15.
Nxd7 Qxd7 16. Bxc7 Qxc7 17. f3 e5 18. e4 Rad8 19. exd5 Rxd5 20. Qe3 h5 21. dxe5
Rdxe5 22. Qf2 Rxe1+ 23. Rxe1 Rxe1+ 24. Qxe1 Qa5 25. Qh4 Qb6+ 26. Qf2 Qb3 27. Qc2
Qd5 28. h4 g6 29. Qe2 Qd6 30. Qc4 Qd2 31. Qd4 Qxb2 32. Nc4 Qa1+ 33. Kh2 Qxa4 34.
Kh3 Kg7 35. Qd3 Qb5 36. g4 Qd5 37. Qe2 hxg4+ 38. fxg4 Ne4 39. h5 b5 40. Ne3 Qe5
41. Kg2 Nxc3 42. Nf5+ Qxf5 43. h6+ Kh7 0-1

[Event "61st World Juniors 2024"]
[Site "Gandhinagar IND"]
[Date "2024.06.02"]
[Round "1.7"]
[White "Subelj, Jan"]
[Black "Jval Saurin Patel"]
[Result "1-0"]
[WhiteTitle "GM"]
[WhiteElo "2514"]
[BlackElo "2085"]
[WhiteFideId "14618583"]
[BlackFideId "25968343"]
[EventDate "2024.06.02"]

1. Nf3 d5 2. g3 Nf6 3. Bg2 Bf5 4. c4 c6 5. Qb3 Qb6 6. d3 e6 7. Be3 dxc4 8. Qxc4
Qxb2 9. Bd4 Qb4+ 10. Nbd2 Qxc4 11. Nxc4 Bb4+ 12. Nfd2 Na6 13. Rb1 Rd8 14. Bxa7
Rd7 15. a3 Bc5 16. Ne5 Bxa7 17. Nxd7 Nxd7 18. Rxb7 Bd4 19. Bxc6 e5 20. Bb5 O-O
21. Bxa6 Nc5 22. Rb6 Nxd3+ 23. Bxd3 Bxb6 24. Bxf5 Ba5 25. Bd3 Rd8 26. Kd1 e4 27.
Nxe4 1-0

[Event "61st World Juniors 2024"]
[Site "Gandhinagar IND"]
[Date "2024.06.02"]
[Round "1.9"]
[White "Nogerbek, Kazybek"]
[Black "Halynyazov, Vepaly"]
[Result "1-0"]
[WhiteTitle "IM"]
[WhiteElo "2502"]
[BlackElo "2058"]
[WhiteFideId "13710427"]
[BlackFideId "14004020"]
[EventDate "2024.06.02"]

1. c4 Nf6 2. Nc3 e6 3. e4 d5 4. cxd5 exd5 5. e5 Nfd7 6. d4 Nb6 7. Be3 Be6 8. f4
Nc6 9. Nf3 Be7 10. Bd3 g6 11. O-O Qd7 12. a3 Na5 13. Qc2 Nac4 14. Bc1 a6 15. b3
Na5 16. Nd1 Rc8 17. Bd2 Nc6 18. Ne3 Na7 19. f5 gxf5 20. Nxf5 1-0

[Event "61st World Juniors 2024"]
[Site "Gandhinagar IND"]
[Date "2024.06.02"]
[Round "1.10"]
[White "Gubatayev, Ahmet"]
[Black "Ohanyan, Emin"]
[Result "1/2-1/2"]
[BlackTitle "GM"]
[WhiteElo "2055"]
[BlackElo "2501"]
[WhiteFideId "14004526"]
[BlackFideId "13312022"]
[EventDate "2024.06.02"]

1. d4 d5 2. c4 e6 3. Nc3 Nf6 4. Bg5 Be7 5. Nf3 O-O 6. e3 h6 7. Bh4 b6 8. Bd3
dxc4 9. Bxc4 Bb7 10. O-O a6 11. a4 Nbd7 12. Qe2 Nd5 13. Bxe7 Qxe7 14. e4 Nb4 15.
Rfd1 c5 16. d5 exd5 17. exd5 Qxe2 18. Nxe2 Nf6 19. Nc3 Rad8 20. Rd2 Nbxd5 21.
Nxd5 Bxd5 22. Bxa6 Bxf3 23. Rxd8 Rxd8 24. gxf3 Rd2 25. b3 Nd5 26. Re1 Nf4 27.
Bf1 g5 28. Rc1 Rb2 29. a5 bxa5 30. Rxc5 Rxb3 31. Rxa5 Rb1 32. Re5 f6 33. Re7 Kf8
34. Re4 Kf7 35. h4 Kg6 36. hxg5 fxg5 37. Ra4 h5 38. Ra6+ Kf7 39. Ra7+ Ke6 40.
Ra6+ Kd7 41. Ra7+ Kc6 42. Ra6+ Kb7 43. Ra5 Kb6 44. Ra6+ Kb7 45. Ra5 Rc1 46. Ra4
h4 47. Rb4+ Ka7 48. Kh2 Nd5 49. Ra4+ Kb6 50. Bg2 Nf4 51. Ra2 Rd1 52. Bh3 Rd3 53.
Bg4 Kb5 54. Ra8 Kb4 55. Rg8 Rd5 56. Rg7 Kc3 57. Rg8 Kd2 58. Re8 Ra5 59. Re7 Kd1
60. Kg1 Kd2 61. Rd7+ Rd5 62. Re7 Kc3 63. Re3+ Kc2 64. Re8 Rd1+ 65. Kh2 Rd2 66.
Kg1 Re2 67. Rg8 Re1+ 68. Kh2 Re5 69. Rd8 Kc3 70. Rd7 Re2 71. Rg7 Re5 72. Rd7 Kc2
73. Rd8 Rd5 74. Rxd5 Nxd5 75. Bf5+ Kd2 76. Kh3 Nf4+ 77. Kg4 h3 78. Kg3 Ke2 79.
Bg4 h2 80. Kxh2 Kxf2 81. Kh1 Kg3 82. Kg1 Ng6 83. Bc8 Ne5 84. Be6 Nxf3+ 85. Kf1
Nd4 86. Bd7 Kf4 87. Kf2 Nf5 88. Bxf5 g4 89. Bxg4 1/2-1/2

[Event "61st World Juniors 2024"]
[Site "Gandhinagar IND"]
[Date "2024.06.02"]
[Round "1.11"]
[White "Cardoso Cardoso, Jose Gabriel"]
[Black "Mizzi, Jack"]
[Result "1-0"]
[WhiteTitle "GM"]
[BlackTitle "CM"]
[WhiteElo "2497"]
[BlackElo "2051"]
[WhiteFideId "4430492"]
[BlackFideId "5602521"]
[EventDate "2024.06.02"]

1. e4 c6 2. d4 d5 3. e5 c5 4. Nf3 cxd4 5. Qxd4 e6 6. Nc3 Nc6 7. Qf4 Bc5 8. Bd3
Nh6 9. Qg3 Kf8 10. Bxh6 gxh6 11. Qf4 Kg7 12. h4 f5 13. g4 Rf8 14. gxf5 exf5 15.
Rg1+ Kh8 16. Qxh6 Rf7 17. Ng5 Rc7 18. Nb5 Rd7 19. e6 Bf8 20. exd7 Qe7+ 21. Qe6 1-0

[Event "61st World Juniors 2024"]
[Site "Gandhinagar IND"]
[Date "2024.06.02"]
[Round "1.12"]
[White "Oluka Robert Mcligeyo"]
[Black "Avila Pavas, Santiago"]
[Result "0-1"]
[BlackTitle "GM"]
[WhiteElo "2050"]
[BlackElo "2495"]
[WhiteFideId "10814647"]
[BlackFideId "4437128"]
[EventDate "2024.06.02"]

1. e4 c5 2. Nf3 g6 3. d4 cxd4 4. Nxd4 Nf6 5. Nc3 d6 6. Be3 Nc6 7. f3 h5 8. Bc4
Bg7 9. Qd2 Bd7 10. Bb3 Na5 11. O-O-O Rb8 12. Nd5 b5 13. Kb1 Nc4 14. Qe2 Nxd5 15.
exd5 Nxe3 16. Qxe3 a5 17. Nc6 Bxc6 18. dxc6 O-O 19. g4 a4 20. Bd5 e6 21. Be4 d5
22. g5 Qd6 23. f4 Qb4 0-1

[Event "61st World Juniors 2024"]
[Site "Gandhinagar IND"]
[Date "2024.06.02"]
[Round "1.13"]
[White "Aaditya, Dhingra"]
[Black "Singh, Siddharth"]
[Result "1/2-1/2"]
[WhiteTitle "IM"]
[WhiteElo "2495"]
[BlackElo "2050"]
[WhiteFideId "25678191"]
[BlackFideId "39907023"]
[EventDate "2024.06.02"]

1. Nf3 Nf6 2. c4 e6 3. g3 d5 4. Bg2 c5 5. cxd5 exd5 6. d4 Nc6 7. O-O Be7 8. dxc5
Bxc5 9. a3 Bg4 10. b4 Be7 11. Bb2 O-O 12. Nc3 Rc8 13. Rc1 h6 14. h3 Be6 15. e3
Qd7 16. Kh2 Rfd8 17. Ne2 Ne4 18. Nf4 a5 19. b5 Na7 20. a4 Rxc1 21. Qxc1 Nc8 22.
Qa1 Bf8 23. Bd4 Ncd6 24. Ne5 Qe8 25. Qa2 Nf5 26. Ba1 Bd6 27. Rd1 Nf6 28. Nxe6
fxe6 29. Kg1 Rc8 30. Ng4 Ne4 31. Bxe4 dxe4 32. Qb1 Rc4 33. Qb3 Qc8 34. Ne5 Bxe5
35. Bxe5 Rc1 36. Rxc1 Qxc1+ 37. Kg2 Kf7 38. b6 Qd2 39. Kg1 Qe1+ 40. Kg2 Qe2 41.
Qc3 Qf3+ 42. Kg1 Qd1+ 43. Kh2 Qe2 44. Kg1 Qd1+ 45. Kg2 Qf3+ 1/2-1/2

[Event "61st World Juniors 2024"]
[Site "Gandhinagar IND"]
[Date "2024.06.02"]
[Round "1.14"]
[White "Kartik Kumar Singh"]
[Black "Gharibyan, Mamikon"]
[Result "1/2-1/2"]
[BlackTitle "GM"]
[WhiteElo "2042"]
[BlackElo "2492"]
[WhiteFideId "46676465"]
[BlackFideId "13308300"]
[EventDate "2024.06.02"]

1. e4 c5 2. Nf3 Nc6 3. d4 cxd4 4. Nxd4 Qb6 5. Nb3 Nf6 6. Nc3 e6 7. Be3 Qc7 8. a3
a6 9. Be2 b5 10. O-O b4 11. axb4 Bxb4 12. Nc5 Bxc3 13. bxc3 O-O 14. f3 d5 15.
Kh1 a5 16. Qe1 dxe4 17. fxe4 Nd7 18. Bf4 e5 19. Be3 Ne7 20. Na4 Ba6 21. Bxa6
Rxa6 22. Qe2 Rc6 23. Rfb1 h6 24. Rb5 Rc4 25. Rb7 Qxb7 26. Qxc4 Nf6 27. Nc5 Qb2
28. Rf1 Qxc2 29. Bxh6 Rd8 30. Bg5 Rd1 31. Bxf6 Qxc3 32. Rxd1 Qxc4 33. Bxe7 a4
34. Nxa4 Qxa4 35. Re1 f6 36. Bc5 Qc2 37. Bg1 Kf7 38. h3 Ke6 39. Re3 g6 40. g4
Ke7 41. g5 fxg5 42. Rg3 Qxe4+ 43. Kh2 Qc2+ 44. Rg2 Qc1 45. Rg3 Qd2+ 46. Rg2 Qf4+
47. Rg3 g4 48. Be3 Qf1 49. Bc5+ Ke6 50. Rxg4 Kd5 51. Bg1 Qf5 52. Be3 Qd3 53. Bg5
e4 54. Rg3 Qc2+ 55. Rg2 Qc7+ 56. Rg3 Qc2+ 57. Rg2 Qb3 58. Rg3 Qb2+ 59. Rg2 Qe5+
60. Rg3 Kd4 61. h4 Qe6 62. Kg2 Qa2+ 63. Kh3 Qf2 64. Bh6 Qf5+ 65. Kh2 Kc4 66. Bg5
Kd5 67. Bh6 Qf2+ 68. Kh3 Kd4 69. Bg7+ Kd5 70. Bh6 Qe1 71. Kh2 Ke6 72. Rxg6+ Kf5
73. Rg5+ Kf6 74. Rg3 Qf2+ 75. Kh3 Qf1+ 76. Kh2 Qf2+ 77. Kh3 Qf1+ 78. Kh2 Qf2+ 1/2-1/2

[Event "61st World Juniors 2024"]
[Site "Gandhinagar IND"]
[Date "2024.06.02"]
[Round "1.15"]
[White "Koelle, Tobias"]
[Black "Matsumura, Cocoro"]
[Result "1/2-1/2"]
[WhiteTitle "IM"]
[WhiteElo "2470"]
[BlackElo "2032"]
[WhiteFideId "16207378"]
[BlackFideId "36087114"]
[EventDate "2024.06.02"]

1. d4 d5 2. c4 e6 3. Nc3 Nf6 4. cxd5 exd5 5. Bg5 c6 6. e3 h6 7. Bh4 Be7 8. Qc2
O-O 9. Bd3 Re8 10. Nge2 a5 11. O-O Na6 12. a3 Nc7 13. Bg3 Ne6 14. h3 Bd6 15.
Rad1 Ng5 16. Bxd6 Qxd6 17. Nf4 Nge4 18. Na4 b5 19. Nb6 Rb8 20. Nxc8 Rbxc8 21.
Rfe1 b4 22. a4 Qb8 23. Bxe4 Nxe4 24. Nd3 b3 25. Qc1 Qb6 26. Qa1 c5 27. dxc5 Nxc5
28. Nxc5 Rxc5 29. Qa3 Rec8 30. Rf1 Rb8 31. Rd3 Qb4 32. Rxb3 Qxb3 33. Qxc5 Qxa4
34. Qxd5 Rb5 35. b4 Rxb4 36. Rd1 Rb2 37. Rc1 Rb8 38. Rc7 Qa1+ 39. Kh2 Qf6 40. f4
Qe6 41. Qxe6 fxe6 42. Ra7 Rb3 43. e4 Rb4 44. Rxa5 Rxe4 45. Kg3 Kf7 46. Kf3 Rb4
47. h4 Rb3+ 48. Kg4 Rd3 49. h5 Kf6 50. Ra6 Rd1 51. Kf3 Rf1+ 52. Ke3 Re1+ 53. Kf2
Rb1 54. Ra7 Rb5 55. g4 Rb2+ 56. Kg3 Rb3+ 57. Kh4 Rb4 58. Kg3 Rb3+ 59. Kh4 1/2-1/2

[Event "61st World Juniors 2024"]
[Site "Gandhinagar IND"]
[Date "2024.06.02"]
[Round "1.16"]
[White "Tleukhanov, Yerlan"]
[Black "Samant, Aditya S"]
[Result "0-1"]
[BlackTitle "GM"]
[WhiteElo "2025"]
[BlackElo "2469"]
[WhiteFideId "13749692"]
[BlackFideId "35080580"]
[EventDate "2024.06.02"]

1. e4 c5 2. Nf3 d6 3. Bb5+ Bd7 4. Bxd7+ Qxd7 5. O-O Nf6 6. Qe2 Nc6 7. c3 e6 8.
d4 cxd4 9. cxd4 d5 10. e5 Ne4 11. Nbd2 Nxd2 12. Bxd2 Be7 13. g3 O-O 14. Kg2 f5
15. Rfc1 h6 16. h4 Qe8 17. b4 a6 18. Rab1 Qg6 19. Bf4 Qg4 20. Qd2 Rfc8 21. a4
Bd8 22. Rb2 a5 23. b5 Nb4 24. Qe2 Rxc1 25. Bxc1 Qe4 26. Qxe4 dxe4 27. Ne1 Bb6
28. Be3 Rc8 29. Kf1 Rc4 30. Ke2 Kf7 31. Kd1 Nd5 32. Nc2 Rxa4 33. Kd2 Ke7 34. Ke2
Rc4 35. Kd2 a4 36. Kd1 Rc3 37. Ra2 Rd3+ 38. Kc1 Nc3 39. Ra3 Ba5 40. Kb2 Nd1+ 41.
Ka2 Bd2 42. d5 Rxd5 43. Bd4 Rxb5 44. Rxa4 Nc3+ 45. Bxc3 Bxc3 0-1

[Event "61st World Juniors 2024"]
[Site "Gandhinagar IND"]
[Date "2024.06.02"]
[Round "1.17"]
[White "Budisavljevic, Luka"]
[Black "Bhoir Paras Dilip"]
[Result "1-0"]
[WhiteTitle "GM"]
[WhiteElo "2468"]
[BlackElo "2016"]
[WhiteFideId "960047"]
[BlackFideId "25763695"]
[EventDate "2024.06.02"]

1. d4 d5 2. c4 e6 3. Nc3 c6 4. e4 dxe4 5. Nxe4 Bb4+ 6. Bd2 Qxd4 7. Bxb4 Qxe4+ 8.
Be2 Na6 9. Bd6 Qxg2 10. Qd2 Nf6 11. Bf3 Qg6 12. O-O-O e5 13. Bxe5 O-O 14. Ne2
Qf5 15. Qe3 Nb4 16. Nd4 Nxa2+ 17. Kd2 Rd8 18. Ke2 Rxd4 19. Bxf6 Be6 20. Bxd4 Re8
21. Kd2 c5 22. Qe5 cxd4 23. Qxf5 Bxf5 24. Ra1 Nb4 25. Rxa7 Nd3 26. Rxb7 h5 27.
Bd5 Bg6 28. Rg1 Nc5 29. Rb5 Ne4+ 30. Bxe4 Rxe4 31. Rb8+ Kh7 32. c5 d3 33. Rxg6
Kxg6 34. Kxd3 Re7 35. Kd4 Kf5 36. c6 Ke6 37. Kc5 g5 38. Kb6 g4 39. c7 Rxc7 40.
Kxc7 h4 41. Rh8 h3 42. b4 f5 43. b5 f4 44. b6 g3 45. hxg3 fxg3 46. fxg3 h2 47.
Rxh2 Ke7 48. b7 Ke6 49. b8=Q Kf5 50. Qf8+ Ke4 51. Qf4+ Kd5 52. Rh5+ Ke6 53. Re5# 1-0

[Event "61st World Juniors 2024"]
[Site "Gandhinagar IND"]
[Date "2024.06.02"]
[Round "1.18"]
[White "Sriansh Das"]
[Black "Fromm, Marius"]
[Result "0-1"]
[BlackTitle "IM"]
[WhiteElo "2016"]
[BlackElo "2465"]
[WhiteFideId "45030081"]
[BlackFideId "12993190"]
[EventDate "2024.06.02"]

1. e4 c5 2. Nf3 e6 3. d4 cxd4 4. Nxd4 Nf6 5. Nc3 Nc6 6. Ndb5 Bc5 7. Nd6+ Ke7 8.
Nxc8+ Rxc8 9. Bd3 Qc7 10. O-O h5 11. Bg5 Kf8 12. Bxf6 gxf6 13. Qf3 Ke7 14. Kh1
Ne5 15. Qe2 Rcg8 16. f4 Ng4 17. Rf3 a6 18. Qd2 Be3 19. Rxe3 Qxf4 20. Nd5+ exd5
21. Qb4+ Kd8 22. Qb6+ Ke8 23. Rg3 Nxh2 24. Rh3 Ng4 25. Rf1 Qd2 26. exd5 Rg5 27.
d6 Kf8 28. Rhf3 Kg7 29. Qxb7 h4 30. Rh3 Nf2+ 31. Rxf2 Qxf2 32. Qf3 Qd4 33. Bxa6
Rg3 34. Qe2 Qxb2 35. Bc4 Qc1+ 36. Kh2 Qf4 37. Kh1 Rb8 38. Bb3 Re8 39. Qd1 Qf2
40. Rxg3+ Qxg3 0-1

[Event "61st World Juniors 2024"]
[Site "Gandhinagar IND"]
[Date "2024.06.02"]
[Round "1.19"]
[White "Quizon, Daniel"]
[Black "Sharon, Rafael"]
[Result "1-0"]
[WhiteTitle "IM"]
[WhiteElo "2448"]
[BlackElo "2015"]
[WhiteFideId "5217911"]
[BlackFideId "74601580"]
[EventDate "2024.06.02"]

1. c4 c5 2. Nc3 Nc6 3. g3 g6 4. Bg2 Bg7 5. Nf3 d6 6. O-O e5 7. a3 Nge7 8. Rb1 a5
9. Ne1 Be6 10. d3 O-O 11. Nc2 d5 12. cxd5 Nxd5 13. Ne4 b6 14. Ng5 Bc8 15. Ne3
Nxe3 16. Bxe3 Bb7 17. Qa4 Qc7 18. Qh4 h6 19. Nf3 Ne7 20. Qc4 Nf5 21. Nd2 Bxg2
22. Kxg2 Kh7 23. Kg1 Nd6 24. Qc2 f5 25. f3 Qd7 26. Nc4 Nxc4 27. Qxc4 f4 28. Bf2
Qh3 29. Kh1 Rad8 30. Rg1 Qd7 31. g4 Rc8 32. Rgc1 Rfd8 33. Kg2 Qb7 34. Qb5 Qc6
35. Qxc6 Rxc6 36. b4 axb4 37. axb4 Rdc8 38. bxc5 bxc5 39. Rc4 Bf8 40. Be1 Kg7
41. Bc3 g5 42. Bxe5+ Kf7 43. Rb7+ Ke6 44. Re4 Kd5 45. Rd7+ Ke6 46. Rh7 Kd5 47.
Bc3 c4 48. Rd7+ Rd6 49. dxc4+ Rxc4 50. Rxd6+ Bxd6 51. Rxc4 Kxc4 52. Bg7 Be7 53.
Bxh6 Kd4 54. h4 gxh4 55. Bxf4 1-0

[Event "61st World Juniors 2024"]
[Site "Gandhinagar IND"]
[Date "2024.06.02"]
[Round "1.20"]
[White "Saryyev, Azym"]
[Black "Ilamparthi, A R"]
[Result "0-1"]
[BlackTitle "IM"]
[WhiteElo "1999"]
[BlackElo "2446"]
[WhiteFideId "14004801"]
[BlackFideId "45015775"]
[EventDate "2024.06.02"]

1. d4 f5 2. Nf3 Nf6 3. c4 e6 4. Nc3 Be7 5. Bf4 O-O 6. h3 Ne4 7. e3 d5 8. Bd3 c6
9. O-O Nd7 10. Qc2 Bf6 11. b4 g5 12. Bh2 h5 13. Ne5 Nxe5 14. dxe5 Bg7 15. Ne2 g4
16. Bxe4 fxe4 17. Bf4 Qh4 18. g3 Qe7 19. hxg4 hxg4 20. c5 a5 21. a3 Qf7 22. Kg2
axb4 23. a4 b6 24. cxb6 Ba6 25. Qb2 c5 26. Rh1 d4 27. Rh4 d3 28. b7 Rad8 29. Nc1
d2 30. b8=Q d1=Q 31. Ne2 Bxe2 32. Rxd1 Bf3+ 0-1

[Event "61st World Juniors 2024"]
[Site "Gandhinagar IND"]
[Date "2024.06.02"]
[Round "1.21"]
[White "Pham Tran Gia Phuc"]
[Black "Jain, Kushagra"]
[Result "1-0"]
[WhiteTitle "FM"]
[WhiteElo "2444"]
[BlackElo "1996"]
[WhiteFideId "12415669"]
[BlackFideId "66607663"]
[EventDate "2024.06.02"]

1. d4 d5 2. Nf3 Nf6 3. Bf4 c5 4. e3 Nc6 5. Nbd2 cxd4 6. exd4 Qb6 7. Nb3 Bf5 8.
c3 e6 9. a4 a6 10. a5 Qd8 11. Ne5 Rc8 12. Be2 Nxe5 13. Bxe5 Be7 14. Nc5 Bxc5 15.
dxc5 Rxc5 16. Qa4+ Kf8 17. Qd4 Rc6 18. c4 h5 19. O-O Rh6 20. cxd5 exd5 21. Rfc1
Rxc1+ 22. Rxc1 Kg8 23. Bf1 Rg6 24. f3 Qxa5 25. Bc7 Qa2 26. Qb4 b5 27. Be5 d4 28.
Qxd4 Qe6 29. Bg3 Nd7 30. Kh1 Kh7 31. Re1 Qf6 32. Qf4 Nc5 33. Re8 Bd7 34. Re5
Qxf4 35. Bxf4 Rc6 36. Rxh5+ Kg8 37. Be3 Ne6 38. Rd5 Rc7 39. Kg1 Kf8 40. Bb6 Rb7
41. Ba5 Bc8 42. Bb4+ Kg8 43. Kf2 Rd7 44. Re5 Bb7 45. Re2 Nf4 46. Re3 f6 47. g3
Nd5 48. Re8+ Kh7 49. Ba5 Kg6 50. Bh3 Re7 51. Rd8 Kf7 52. f4 Re8 53. Rd7+ Re7 54.
Rd6 Ne3 55. Bd8 Re8 56. Rd7+ Kg6 57. Bb6 Bc8 58. Bxe3 Bxd7 59. Bxd7 Rd8 60. f5+
Kh7 61. Be6 g6 62. b4 gxf5 63. Bxf5+ Kg7 64. h4 Rd1 65. h5 Rd5 66. g4 Rd1 67.
h6+ Kh8 68. Bc5 Rd2+ 69. Kg3 Re2 70. Bf8 Re3+ 71. Kh4 1-0

[Event "61st World Juniors 2024"]
[Site "Gandhinagar IND"]
[Date "2024.06.02"]
[Round "1.22"]
[White "Kuandykuly, Danis"]
[Black "Prraneeth, Vuppala"]
[Result "0-1"]
[BlackTitle "GM"]
[WhiteElo "1989"]
[BlackElo "2436"]
[WhiteFideId "13752260"]
[BlackFideId "46622373"]
[EventDate "2024.06.02"]

1. e4 c5 2. Nf3 d6 3. d4 cxd4 4. Nxd4 Nf6 5. Nc3 Bd7 6. Bg5 e6 7. Qd2 h6 8. Be3
Ng4 9. O-O-O a6 10. f4 Nxe3 11. Qxe3 Be7 12. Kb1 Qb6 13. Qg3 O-O 14. Bc4 Nc6 15.
Nf3 Na5 16. Bb3 Nxb3 17. axb3 a5 18. e5 Rad8 19. f5 dxe5 20. Nxe5 Bc8 21. Rhf1
exf5 22. Nd5 Qe6 23. Nc7 Qf6 24. Nd5 Qh4 25. Rfe1 Bg5 26. Qc3 Be6 27. Ng6 fxg6
28. Rxe6 Kh7 29. h3 Qf2 30. g3 Rc8 31. Qd3 Rfe8 32. Rxe8 Rxe8 33. h4 Bd8 34. h5
Bg5 35. hxg6+ Kxg6 36. g4 Re5 37. Ka2 Kh7 38. Qc3 Qe2 39. Rd4 fxg4 40. Nb6 Qf3
41. Qc7 Re7 42. Qb8 g3 43. Rd8 g2 44. Rh8+ Kg6 45. Qd6+ Kh5 46. Qh2+ Kg4 47. Nc8
Re1 48. Rf8 g1=Q 49. Rxf3 Ra1# 0-1